00346nam a2200145Ia 4500008004100000020001500041041001200056082001100068100001800079245003500097250000800132260003700140300000800177650001500185221030s9999 xx 000 0 und d a8125931379 aEnglish a105.23 aM. C. Kuchhal 0aBusiness Lawcby M. C. Kuchhal a5th bVikas Pub HouseaNew Delhic2011 a454 aManagement